000 00611nam a22001937a 4500
005 20240402144026.0
010 _aENG-139460
020 _a9788178246604
_c595.00
035 _aEN-122992
037 _bDBAD/PUB
082 _a894.81103
100 _aVenkatachilapathy A.R.
_964179
245 _aThe Brief History of a Very Big Book/
_cBy A.R. Venkatachilapathy
260 _aRanikhet Cantt
_bPermanent Black
270 _aHimalayana , Mall Road , Ranikhet
_e263645
300 _a149p.
_c21cm(hb)
500 _aThe Making Of The Tamil Encyclopaedia
942 _2ddc
_cEN
_mVEN
_h894.81103
999 _c201070
_d201070